Les familles des Féliformes - Statistiques

Statistiques générales
  • Ce quiz a été pris 9 fois
  • Le résultat moyen est 3 sur 7
Statistiques - réponses
Familles Espèces % Correct
Félidés les félins
100%
Hyénidés les hyénes
67%
Herpestidés les mangoustes
33%
Vivérridés les civettes, les genettes..
33%
Eupléridés le fossa, les galidies…
17%
Nandinidés la civette palmiste africaine
17%
Prionodontidés les linsangs asiatiques
17%
Aucun quiz correspondant
Distribution des résultats
% des personnes avec chaque résultat
Percentile par nombre de réponses
Votre historique - résultats
Vous n’avez pas pris ce quiz